000 00485 a2200169 4500
003 Nust
005 20170207171536.0
040 _cNust
082 _a005.1
100 _aAhmed, Saadia. (MSCS-19)
245 _aEvaluating and Redesigning of Android Application for Deaf and Dumb to Overcome Existing Usability Heuristics Loopholes
_cSaadia Ahmed
260 _arawalpindi
_bMCS,NUST
_c2015
300 _a133p.
538 _aAlmirah No.70 Shelf No.3
650 _aPG Thesis
651 _aMSCS-19
942 _cTHS
999 _c217268
_d217268